| 000 | 00461nam a2200169 a 4500 | ||
|---|---|---|---|
| 005 | 20140412111235.0 | ||
| 008 | 010329s19uu xx 00 eng d | ||
| 020 | _a0-8428-9338-5 | ||
| 050 |
_aTR(GS 425 _bS54 1979 |
||
| 245 | _aSkills in language, 2. | ||
| 250 | _aRevised Ed. | ||
| 260 |
_aNew York : _bCambridge The Adult Education Company, _c1979. |
||
| 300 | _a200 p. | ||
| 440 | _aCambridge Skill Power Series | ||
| 650 | _aLanguage | ||
| 999 |
_c102414 _d102414 |
||